000 00391nam a22001337a 4500
020 _a04713212729
040 _cNust
082 _a621.4021
_bSON
100 _aRicahrd E. Sonntag
_9127480
245 _aIntroduction to engineering thermodynamics
260 _aNew York:
_bJohn Willey and sons Inc,
_c2001.
650 _aIntroduction to engineering thermodynamics
_9127481
942 _2ddc
_cBK
999 _c612596
_d612596